[Event "Budapest FS02 Nadassy"]
[Site "Budapest"]
[Date "2020.02.04"]
[Round "4.5"]
[White "Lu, Miaoyi"]
[Black "Altunbay, Onder"]
[Result "0-1"]
[WhiteElo "1824"]
[BlackElo "1946"]
[PlyCount "102"]
[EventDate "2020.02.01"]
[EventType "team-schev"]
[EventRounds "14"]
[EventCountry "HUN"]
[SourceTitle "CBM 194 Extra"]
[Source "ChessBase"]
[SourceDate "2020.03.31"]
[SourceVersion "1"]
[SourceVersionDate "2020.03.31"]
[SourceQuality "1"]
[WhiteTeam "B Team Lower Elo"]
[BlackTeam "A Team Higher Elo"]
[WhiteTeamCountry "HUN"]
[BlackTeamCountry "HUN"]

1. d4 Nf6 2. c4 g6 3. Nc3 Bg7 4. Nf3 0-0 5. g3 d6 6. Bg2 c6 7. 0-0 Bf5 8. Nh4 Be6 9. d5 cxd5 10. cxd5 Bd7 11. h3 a5 12. e4 b5 13. Be3 Ne8 14. Bd4 b4 15. Bxg7 Nxg7 16. Ne2 Na6 17. Nd4 Qb6 18. Rc1 Rac8 19. Qd2 Rc5 20. Nb3 Rxc1 21. Rxc1 Rc8 22. Rxc8+ Bxc8 23. Qc2 Bd7 24. Qc4 e5 25. dxe6 Bxe6 26. Qc2 Nh5 27. Kh2 a4 28. Nc1 Qc5 29. Qd2 Nf6 30. f4 Bc4 31. f5 Kg7 32. b3 Bb5 33. bxa4 Bxa4 34. Nb3 Bxb3 35. axb3 Nc7 36. Qd3 Nb5 37. Nf3 Nc3 38. Nd4 Nd7 39. Nf3 Ne5 40. Qd4 f6 41. Qxc5 Nxf3+ 42. Bxf3 dxc5 43. Bg2 c4 44. bxc4 b3 45. Bf1 b2 46. Bd3 b1Q 47. Bxb1 Nxb1 48. c5 Nc3 49. c6 Nxe4 50. c7 Nd6 51. g4 g5 0-1

[Event "TUR-chT 2nd League"]
[Site "Konya"]
[Date "2019.07.24"]
[Round "4.7"]
[White "Altunbay, Onder"]
[Black "Ugur, Cem"]
[Result "1/2-1/2"]
[WhiteElo "1996"]
[BlackElo "1623"]
[PlyCount "102"]
[EventDate "2019.07.22"]
[EventType "team-swiss"]
[EventRounds "9"]
[EventCountry "TUR"]
[SourceTitle "CBM 191 Extra"]
[Source "ChessBase"]
[SourceDate "2019.09.30"]
[SourceVersion "1"]
[SourceVersionDate "2019.09.30"]
[SourceQuality "1"]
[WhiteTeam "Dogukisla Genclik Spor"]
[BlackTeam "Cesme Belediye"]
[WhiteTeamCountry "TUR"]
[BlackTeamCountry "TUR"]

1. d4 Nf6 2. Bf4 g6 3. e3 Bg7 4. Nf3 d6 5. h3 0-0 6. Be2 b6 7. c4 Bb7 8. Nc3 Ne4 9. Nxe4 Bxe4 10. 0-0 Nd7 11. Nd2 Bb7 12. Bf3 Bxf3 13. Nxf3 c5 14. Rc1 cxd4 15. exd4 e5 16. dxe5 dxe5 17. Bg5 Qc7 18. b4 Rfe8 19. Qd2 Nf6 20. Qc2 e4 21. Nd2 Qe5 22. Bxf6 Bxf6 23. Rfe1 Bg5 24. Rxe4 Qd6 25. Rce1 Rxe4 26. Qxe4 Rd8 27. Nf3 Bf6 28. Rb1 Kf8 29. Qc2 Rc8 30. Qb3 Be7 31. Rb2 Qf4 32. Rc2 Rd8 33. Qb1 Re8 34. Qb3 Rd8 35. g3 Rd1+ 36. Kg2 Qe4 37. Qb2 f6 38. Rc3 Rb1 39. Qd2 Rxb4 40. Qd7 Bc5 41. Rd3 Rb2 42. Qd8+ Kg7 43. Rd7+ Kh6 44. Rd2 Rxd2 45. Qxd2+ Kg7 46. Qd7+ Qe7 47. Qd3 Qe6 48. Nd2 f5 49. Nb3 Qe4+ 50. Qxe4 fxe4 51. Nxc5 bxc5 1/2-1/2

[Event "TUR-chT 2nd League"]
[Site "Konya"]
[Date "2019.07.23"]
[Round "3.2"]
[White "Altunbay, Onder"]
[Black "Ozdemir, Serhan Berat"]
[Result "1/2-1/2"]
[WhiteElo "1996"]
[BlackElo "1985"]
[PlyCount "60"]
[EventDate "2019.07.22"]
[EventType "team-swiss"]
[EventRounds "9"]
[EventCountry "TUR"]
[SourceTitle "CBM 191 Extra"]
[Source "ChessBase"]
[SourceDate "2019.09.30"]
[SourceVersion "1"]
[SourceVersionDate "2019.09.30"]
[SourceQuality "1"]
[WhiteTeam "Dogukisla Genclik Spor"]
[BlackTeam "Koroglu Dernegi"]
[WhiteTeamCountry "TUR"]
[BlackTeamCountry "TUR"]

1. d4 Nf6 2. Bf4 g6 3. e3 Bg7 4. Nf3 0-0 5. Be2 d6 6. h3 c5 7. Nc3 Nbd7 8. 0-0 a6 9. a4 b6 10. d5 Rb8 11. Bh2 Ne8 12. Bc4 Ne5 13. Nxe5 dxe5 14. Qe2 Nd6 15. e4 g5 16. Bd3 Kh8 17. Qh5 c4 18. Be2 Bf6 19. Qf3 Rg8 20. g4 Qc7 21. Qe3 Bd7 22. f3 Qc5 23. Nd1 Kg7 24. Kg2 Kh8 25. Kg1 Kg7 26. Kg2 Kh8 27. Kg1 Kg7 28. Kg2 Kh8 29. Ra3 Rgc8 30. Qxc5 bxc5 1/2-1/2

[Event "TUR-chT 2nd League"]
[Site "Konya"]
[Date "2019.07.22"]
[Round "1.10"]
[White "Altunbay, Onder"]
[Black "Gunes, Fatih Emre"]
[Result "1-0"]
[WhiteElo "1996"]
[BlackElo "1406"]
[PlyCount "91"]
[EventDate "2019.07.22"]
[EventType "team-swiss"]
[EventRounds "9"]
[EventCountry "TUR"]
[SourceTitle "CBM 191 Extra"]
[Source "ChessBase"]
[SourceDate "2019.09.30"]
[SourceVersion "1"]
[SourceVersionDate "2019.09.30"]
[SourceQuality "1"]
[WhiteTeam "Dogukisla Genclik Spor"]
[BlackTeam "Hayat Genclik"]
[WhiteTeamCountry "TUR"]
[BlackTeamCountry "TUR"]

1. d4 Nf6 2. Bf4 d5 3. e3 e6 4. Nd2 Bd6 5. Bg3 c6 6. Bd3 Qc7 7. Ngf3 Nbd7 8. c4 0-0 9. Qc2 Re8 10. 0-0 h6 11. cxd5 exd5 12. b4 Nf8 13. b5 Bd7 14. Ne5 Nh5 15. Nxd7 Bxg3 16. hxg3 Qxd7 17. bxc6 bxc6 18. Rfc1 Rac8 19. Nf3 Qd6 20. Qc5 Qxc5 21. Rxc5 Ne6 22. Ra5 Rc7 23. Rc1 Rb8 24. Ne5 Rb6 25. Bf5 Nd8 26. Rxd5 Ne6 27. Bxe6 cxd5 28. Rxc7 fxe6 29. Rxa7 Nf6 30. f3 Rb2 31. Ra3 Nh5 32. Kh2 Re2 33. Ng4 Kh7 34. Ra6 Nf6 35. Nxf6+ gxf6 36. Rxe6 Kg6 37. Re7 Rxa2 38. g4 Rd2 39. Kg3 Rd3 40. f4 f5 41. Re6+ Kf7 42. gxf5 Ra3 43. Kf3 Kg7 44. Rd6 Ra5 45. g4 Rb5 46. g5 1-0

[Event "TUR-chT 1st League"]
[Site "Konya"]
[Date "2018.07.19"]
[Round "5.10"]
[White "Duman, Necdet"]
[Black "Altunbay, Onder"]
[Result "0-1"]
[WhiteElo "1846"]
[BlackElo "1759"]
[PlyCount "45"]
[EventDate "2018.07.16"]
[EventType "team-swiss"]
[EventRounds "9"]
[EventCountry "TUR"]
[SourceTitle "EXT 2019"]
[Source "ChessBase"]
[SourceDate "2018.10.10"]
[SourceVersion "1"]
[SourceVersionDate "2018.10.10"]
[SourceQuality "1"]
[WhiteTeam "Boranlar Mersin Toyota"]
[BlackTeam "Dogukisla Genclik Spor"]
[WhiteTeamCountry "TUR"]
[BlackTeamCountry "TUN"]

1. d4 d5 2. Nf3 Nf6 3. Bg5 e6 4. e3 Be7 5. c4 c6 6. Nc3 0-0 7. Bd3 a6 8. c5 b6 9. cxb6 Qxb6 10. Qc2 h6 11. Bh4 c5 12. 0-0 cxd4 13. Nxd4 Bb7 14. a4 Rc8 15. a5 Qb4 16. Qb3 Nc6 17. Na4 Qxb3 18. Nxb3 Ne5 19. Bxf6 Bxf6 20. Nb6 Nxd3 21. Nd7 Rc2 22. Nd4 Bxd4 23. exd4 0-1

[Event "TUR-chT 1st League"]
[Site "Konya"]
[Date "2018.07.17"]
[Round "2.11"]
[White "Altunbay, Onder"]
[Black "Cengel, Edibe Eylul"]
[Result "1-0"]
[WhiteElo "1759"]
[BlackElo "1327"]
[PlyCount "103"]
[EventDate "2018.07.16"]
[EventType "team-swiss"]
[EventRounds "9"]
[EventCountry "TUR"]
[SourceTitle "EXT 2019"]
[Source "ChessBase"]
[SourceDate "2018.10.10"]
[SourceVersion "1"]
[SourceVersionDate "2018.10.10"]
[SourceQuality "1"]
[WhiteTeam "Dogukisla Genclik Spor"]
[BlackTeam "Karman Masterler"]
[WhiteTeamCountry "TUN"]
[BlackTeamCountry "TUR"]

1. d4 Nf6 2. Bf4 e6 3. e3 d5 4. Nd2 Bd6 5. Bg3 Nbd7 6. Ngf3 Bxg3 7. hxg3 Qe7 8. c3 e5 9. dxe5 Nxe5 10. Nxe5 Qxe5 11. Qa4+ Bd7 12. Qf4 Qxf4 13. gxf4 0-0-0 14. Bd3 Rhe8 15. 0-0-0 h6 16. Rhe1 Ng4 17. Re2 f5 18. Nf3 g6 19. Rde1 Re6 20. Nh4 Rde8 21. Kd2 h5 22. f3 Nh6 23. e4 dxe4 24. fxe4 Kd8 25. e5 Rb6 26. Kc2 Be6 27. b3 Bf7 28. Nf3 Bd5 29. Ng5 Be6 30. Rd2 Kc8 31. b4 Nf7 32. Nh7 Nh6 33. a4 Bg8 34. Ng5 Rf6 35. Rde2 Rff8 36. Nf3 Re7 37. Nh4 Bf7 38. e6 Be8 39. b5 Ng4 40. Bc4 Nf6 41. Bd3 Nd5 42. g3 Rf6 43. Bc4 c6 44. Bxd5 cxd5 45. Nf3 Kc7 46. Re5 Kd6 47. Ng5 d4 48. Rd1 a6 49. Rxd4+ Kc7 50. c4 axb5 51. axb5 Kb6 52. Kb3 1-0

[Event "TUR-chT 2nd League"]
[Site "Konya"]
[Date "2017.07.19"]
[Round "4.2"]
[White "Ibik, Halit Yavuz"]
[Black "Altunbay, Onder"]
[Result "1/2-1/2"]
[WhiteElo "2004"]
[BlackElo "1830"]
[PlyCount "89"]
[EventDate "2017.07.17"]
[EventType "team-swiss"]
[EventRounds "9"]
[EventCountry "TUR"]
[SourceTitle "CBM 179 Extra"]
[Source "ChessBase"]
[SourceDate "2017.08.23"]
[SourceVersion "1"]
[SourceVersionDate "2017.08.23"]
[SourceQuality "1"]
[WhiteTeam "Berk Tugra Caliskan"]
[BlackTeam "Dogukisla Izcilik"]
[WhiteTeamCountry "TUR"]
[BlackTeamCountry "TUR"]

1. e4 e6 2. d4 d5 3. Nd2 dxe4 4. Nxe4 Nd7 5. Nf3 Ngf6 6. Bg5 Be7 7. Nxf6+ Nxf6 8. c3 0-0 9. Bd3 b6 10. 0-0 Bb7 11. Re1 h6 12. Bh4 Nh5 13. Bxe7 Qxe7 14. Be4 Bxe4 15. Rxe4 Nf6 16. Re1 Rac8 17. Qe2 c5 18. Rad1 Qb7 19. c4 cxd4 20. Rxd4 Rfd8 21. Red1 Rxd4 22. Rxd4 Qc7 23. Ne5 Qc5 24. Rd1 Qc7 25. Rd4 Qc5 26. Rd1 Qc7 27. f3 Qc5+ 28. Kf1 Qc7 29. b3 Qc5 30. Nd7 Qf5 31. Nxf6+ Qxf6 32. Qd2 Qe7 33. Qd7 Rc7 34. Qxe7 Rxe7 35. Rd8+ Kh7 36. Ke2 e5 37. Rc8 Kg6 38. c5 bxc5 39. Rxc5 Kf5 40. b4 Ke6 41. Ke3 Rd7 42. b5 Kd6 43. Rc6+ Kd5 44. a4 f5 45. Kd3 1/2-1/2

[Event "TUR-chT 2nd League"]
[Site "Konya"]
[Date "2017.07.18"]
[Round "2.3"]
[White "Demirbag, Alihan"]
[Black "Altunbay, Onder"]
[Result "1-0"]
[WhiteElo "1960"]
[BlackElo "1830"]
[PlyCount "165"]
[EventDate "2017.07.17"]
[EventType "team-swiss"]
[EventRounds "9"]
[EventCountry "TUR"]
[SourceTitle "CBM 179 Extra"]
[Source "ChessBase"]
[SourceDate "2017.08.23"]
[SourceVersion "1"]
[SourceVersionDate "2017.08.23"]
[SourceQuality "1"]
[WhiteTeam "Bursa Nida"]
[BlackTeam "Dogukisla Izcilik"]
[WhiteTeamCountry "TUR"]
[BlackTeamCountry "TUR"]

1. e4 c5 2. Nc3 a6 3. g3 b5 4. Bg2 Bb7 5. d3 e6 6. f4 Be7 7. Nh3 Nf6 8. 0-0 b4 9. Ne2 d6 10. Nf2 d5 11. e5 Nfd7 12. Qe1 Qc7 13. c3 bxc3 14. bxc3 c4 15. d4 Nb6 16. Ng4 h5 17. Ne3 g6 18. h3 N8d7 19. Nc2 0-0-0 20. Ba3 Bxa3 21. Nxa3 Qc6 22. Nc2 Kb8 23. Qd2 Ka7 24. g4 hxg4 25. hxg4 Rh4 26. Ne3 Rg8 27. g5 Nb8 28. Kf2 Rgh8 29. Rh1 Qe8 30. Rxh4 Rxh4 31. Rh1 Rxh1 32. Bxh1 Qh8 33. Bg2 Qh4+ 34. Kf1 Nc6 35. Qe1 Qxe1+ 36. Kxe1 Nd8 37. Kd2 Bc6 38. Ng1 Be8 39. Nf3 Nc8 40. Nh4 Ne7 41. Bf3 Kb6 42. Bd1 Ka5 43. Bc2 Bc6 44. Ng4 Kb5 45. Nf6 Kb6 46. Ng4 Kb5 47. Nh6 Be8 48. Ng2 Kb6 49. Ne3 Ka5 50. Bd1 Ba4 51. Bxa4 Kxa4 52. Kc2 a5 53. Kb2 Nec6 54. Neg4 Ne7 55. Nf6 Nec6 56. Ne8 Nb8 57. Nd6 Nd7 58. Nhxf7 Nxf7 59. Nxf7 Nf8 60. f5 exf5 61. Nd8 f4 62. Kc2 f3 63. Kd2 f2 64. Ke2 Ka3 65. e6 Nxe6 66. Nxe6 f1Q+ 67. Kxf1 Kxa2 68. Nc7 Kb2 69. Nxd5 a4 70. Nb6 Kxc3 71. Nxa4+ Kxd4 72. Kf2 Ke4 73. Kg3 Kf5 74. Kh4 Kf4 75. Nb6 c3 76. Nd5+ Ke5 77. Nxc3 Ke6 78. Kg4 Kf7 79. Kf4 Ke6 80. Ne4 Kf7 81. Ke5 Kg7 82. Ke6 Kh7 83. Kf6 1-0

[Event "TUR-chT 2nd League"]
[Site "Konya"]
[Date "2017.07.17"]
[Round "1.3"]
[White "Altunbay, Onder"]
[Black "Aladag, Yigit Dogan"]
[Result "0-1"]
[WhiteElo "1830"]
[BlackElo "1586"]
[PlyCount "140"]
[EventDate "2017.07.17"]
[EventType "team-swiss"]
[EventRounds "9"]
[EventCountry "TUR"]
[SourceTitle "CBM 179 Extra"]
[Source "ChessBase"]
[SourceDate "2017.08.23"]
[SourceVersion "1"]
[SourceVersionDate "2017.08.23"]
[SourceQuality "1"]
[WhiteTeam "Dogukisla Izcilik"]
[BlackTeam "Mersin Zeka"]
[WhiteTeamCountry "TUR"]
[BlackTeamCountry "TUR"]

1. e4 c5 2. Nf3 d6 3. d4 cxd4 4. Nxd4 Nf6 5. Nc3 a6 6. Bg5 e6 7. Qe2 Be7 8. 0-0-0 b5 9. a3 Bb7 10. f4 Nbd7 11. g4 Qc7 12. Bh4 Nxe4 13. Nxe4 Bxh4 14. Nf5 d5 15. Nd2 Bf6 16. g5 Rc8 17. Ne4 Be7 18. Nxe7 Qxf4+ 19. Kb1 Kxe7 20. Ng3 Ne5 21. Bg2 Rhd8 22. Rhf1 Qxg5 23. Rde1 Nc4 24. Rf2 Rc6 25. Qd3 Qg6 26. Qb3 Kf8 27. Bf3 f6 28. Bh5 Qg5 29. Qb4+ Rcd6 30. Rxe6 Bc8 31. Rxd6 Nxd6 32. Re2 g6 33. Bf3 Kf7 34. Qc5 Be6 35. Qa7+ Rd7 36. Qxa6 Qf4 37. Bg2 Qd4 38. Ka2 Bg4 39. Qc6 Qc4+ 40. Qxc4 Nxc4 41. Re1 d4 42. Bc6 Rc7 43. Bd5+ Kg7 44. Nf1 Rc5 45. Bxc4 Rxc4 46. Kb3 Bf5 47. Re2 d3 48. cxd3 Bxd3 49. Rf2 Bxf1 50. Rxf1 f5 51. Rd1 Rc5 52. Kb4 Re5 53. Rd2 Kf6 54. a4 bxa4 55. Kxa4 f4 56. b4 g5 57. b5 f3 58. b6 Re2 59. Rd1 Rb2 60. Ka5 Ke5 61. Ka6 Ke4 62. b7 f2 63. Ra1 Ke3 64. Ka7 Ke2 65. b8Q Rxb8 66. Ra2+ Kf3 67. Ra3+ Kg2 68. Kxb8 f1Q 69. Rg3+ Kxh2 70. Rxg5 Qf4+ 0-1

[Event "Cesme op 5th"]
[Site "Cesme"]
[Date "2017.06.12"]
[Round "1"]
[White "Quparadze, Giga"]
[Black "Altunbay, Onder"]
[Result "1-0"]
[WhiteElo "2509"]
[BlackElo "1787"]
[PlyCount "73"]
[EventDate "2017.06.12"]
[EventType "swiss"]
[EventRounds "9"]
[EventCountry "TUR"]
[SourceTitle "CBM 178 Extra"]
[Source "ChessBase"]
[SourceDate "2017.06.22"]
[SourceVersion "1"]
[SourceVersionDate "2017.06.22"]
[SourceQuality "1"]

1. e4 c5 2. Nf3 d6 3. d4 cxd4 4. Nxd4 Nf6 5. Nc3 a6 6. h3 e5 7. Nde2 Be7 8. g4 h6 9. Bg2 Qc7 10. 0-0 Nbd7 11. Ng3 Nb6 12. a4 Be6 13. Nf5 Bxf5 14. exf5 0-0-0 15. a5 Nbd7 16. Be3 Kb8 17. Nd5 Nxd5 18. Qxd5 Rhf8 19. Ra4 Nf6 20. Qb3 d5 21. Bb6 Qd7 22. Bxd8 Rxd8 23. Rd1 Qb5 24. Qxb5 axb5 25. Raa1 e4 26. c3 Ne8 27. Kf1 Kc7 28. f3 exf3 29. Bxf3 Nf6 30. Rd3 Kc6 31. Rad1 g5 32. fxg6 fxg6 33. Re1 Rd7 34. b3 Kc5 35. Re6 b4 36. c4 d4 37. Rb6 1-0

[Event "Mersin op 1st"]
[Site "Mersin"]
[Date "2016.10.29"]
[Round "9"]
[White "Altunbay, Onder"]
[Black "Usun, Tolga"]
[Result "0-1"]
[WhiteElo "1837"]
[BlackElo "2063"]
[PlyCount "158"]
[EventDate "2016.10.23"]
[EventType "swiss"]
[EventRounds "9"]
[EventCountry "TUR"]
[SourceTitle "EXT 2018"]
[Source "ChessBase"]
[SourceDate "2017.10.13"]
[SourceVersion "1"]
[SourceVersionDate "2017.10.13"]
[SourceQuality "1"]

1. e4 c5 2. Nf3 Nc6 3. d4 cxd4 4. Nxd4 e5 5. Nb5 d6 6. N1c3 a6 7. Na3 b5 8. Nd5 Nge7 9. c4 Nd4 10. Be3 Nxd5 11. cxd5 Be7 12. Bxd4 exd4 13. Qxd4 Bg5 14. Bd3 0-0 15. 0-0 Bf6 16. Qb4 a5 17. Qd2 b4 18. Nc4 Ba6 19. Rac1 Rc8 20. Rc2 Bd4 21. Rfc1 Bxc4 22. Rxc4 Rxc4 23. Rxc4 Qf6 24. Rc2 g6 25. Kh1 Rb8 26. b3 Kg7 27. f3 Bc5 28. Bc4 Re8 29. Qd1 h5 30. Bd3 h4 31. Bb5 Rd8 32. Qf1 Qe5 33. Re2 g5 34. Bc6 Bd4 35. Qd1 Qf6 36. Qd2 Be5 37. Qe3 Bf4 38. Qg1 Qe5 39. Re1 Qc3 40. Re2 Qe5 41. Qb1 Qf6 42. h3 Be5 43. Qc1 Kg6 44. Kg1 Bf4 45. Qb2 Be5 46. Qc1 Bd4+ 47. Kh1 Qe5 48. Qc2 Kh6 49. Qd3 Bc5 50. Qd1 Kg6 51. Qc1 Kf6 52. Qd1 Ke7 53. Qc1 f6 54. Qb2 Bd4 55. Qc2 Kf8 56. Qd2 Bc3 57. Qe3 Bd4 58. Qd2 Kg7 59. Qd3 Bc5 60. Qd1 Qg3 61. Qe1 Bd4 62. Qxg3 hxg3 63. Re1 Kf8 64. Rd1 Bf2 65. Rd2 Rc8 66. Re2 Rc7 67. e5 dxe5 68. Rd2 Bd4 69. Re2 Ke7 70. Re4 f5 71. Re1 Kd6 72. Rd1 Re7 73. Rc1 Bf2 74. Ba8 Rc7 75. Bc6 e4 76. fxe4 fxe4 77. Rc2 Re7 78. Re2 e3 79. Ba8 Re4 0-1

[Event "Manavgat Turkey Cup"]
[Site "Manavgat"]
[Date "2015.02.05"]
[Round "9"]
[White "Altunbay, Onder"]
[Black "Kaplan, Bahadir"]
[Result "1-0"]
[WhiteElo "1550"]
[BlackElo "1935"]
[PlyCount "51"]
[EventDate "2015.01.31"]
[EventType "swiss"]
[EventRounds "11"]
[EventCountry "TUR"]
[SourceTitle "CBM 164 Extra"]
[Source "ChessBase"]
[SourceDate "2015.03.02"]
[SourceVersion "1"]
[SourceVersionDate "2015.03.02"]
[SourceQuality "1"]

1. e4 c5 2. Nf3 a6 3. c4 e6 4. Nc3 Qc7 5. d4 cxd4 6. Nxd4 Nf6 7. a3 Nc6 8. Nb3 Ne5 9. Qd4 d6 10. Be2 Be7 11. Be3 0-0 12. h3 Nfd7 13. Rd1 b6 14. 0-0 Bb7 15. f4 Nc6 16. Qd2 Nc5 17. Nxc5 bxc5 18. Rf3 Rad8 19. Rdf1 f5 20. exf5 Nd4 21. fxe6 Nxe6 22. Nd5 Qd7 23. Rg3 Bxd5 24. Qxd5 Kh8 25. Bg4 Nc7 26. Qb7 1-0

[Event "Manavgat Turkey Cup"]
[Site "Manavgat"]
[Date "2015.02.03"]
[Round "5"]
[White "Altunbay, Onder"]
[Black "Aydincelebi, Kagan"]
[Result "1/2-1/2"]
[WhiteElo "1550"]
[BlackElo "1865"]
[PlyCount "110"]
[EventDate "2015.01.31"]
[EventType "swiss"]
[EventRounds "11"]
[EventCountry "TUR"]
[SourceTitle "CBM 164 Extra"]
[Source "ChessBase"]
[SourceDate "2015.03.02"]
[SourceVersion "1"]
[SourceVersionDate "2015.03.02"]
[SourceQuality "1"]

1. e4 c5 2. Nf3 d6 3. d4 cxd4 4. Nxd4 Nf6 5. Nc3 Nc6 6. Be3 e6 7. f3 Be7 8. Qd2 a6 9. Be2 Qc7 10. 0-0-0 b5 11. g4 Bb7 12. Nb3 Rc8 13. Kb1 Nd7 14. Bg5 f6 15. Bf4 Nc5 16. Rc1 Ne5 17. Rhf1 0-0 18. Nd4 b4 19. Nd1 d5 20. exd5 Bxd5 21. b3 Qa5 22. Nb2 Rfd8 23. Qe1 Rd7 24. Rd1 Rdc7 25. Rc1 Bf8 26. Bd2 Nb7 27. f4 Nc6 28. Nxc6 Rxc6 29. Bd3 g6 30. f5 Bg7 31. Bxb4 Qb6 32. fxg6 hxg6 33. c4 f5 34. Na4 Qd4 35. Rc3 Qxg4 36. cxd5 Bxc3 37. Bxc3 Rxc3 38. Nxc3 Qd4 39. Bc4 e5 40. Qg3 Kh7 41. Rg1 Rg8 42. Rd1 Qf4 43. Qxf4 exf4 44. Re1 Nd6 45. Bd3 Kh6 46. Re6 Rd8 47. Ne2 Kg5 48. Nd4 Nf7 49. Bc4 Kh5 50. Nf3 g5 51. Rf6 Nd6 52. Be2 g4 53. Ne5 f3 54. Nxf3 gxf3 55. Bxf3+ Kg5 1/2-1/2

[Event "Manavgat Turkey Cup"]
[Site "Manavgat"]
[Date "2015.02.01"]
[Round "2"]
[White "Yigit, Sedat"]
[Black "Altunbay, Onder"]
[Result "1-0"]
[WhiteElo "1426"]
[BlackElo "1550"]
[PlyCount "100"]
[EventDate "2015.01.31"]
[EventType "swiss"]
[EventRounds "11"]
[EventCountry "TUR"]
[SourceTitle "CBM 164 Extra"]
[Source "ChessBase"]
[SourceDate "2015.03.02"]
[SourceVersion "1"]
[SourceVersionDate "2015.03.02"]
[SourceQuality "1"]

1. e4 c5 2. Nf3 d6 3. c3 Nf6 4. Be2 Nbd7 5. Qc2 Qc7 6. 0-0 g6 7. d3 Bg7 8. Bf4 0-0 9. Qd2 Rb8 10. a4 b6 11. Na3 a6 12. Rfe1 Bb7 13. Bh6 Bc6 14. Bxg7 Kxg7 15. Bd1 b5 16. axb5 axb5 17. Qg5 h6 18. Qg3 Nh5 19. Qh4 e5 20. g3 Nhf6 21. c4 bxc4 22. Nxc4 Nb6 23. b3 Nxc4 24. bxc4 Bd7 25. g4 Bxg4 26. Qg3 Qd7 27. Nh4 Bxd1 28. Rexd1 Nh5 29. Qf3 Nf6 30. Kh1 Rb3 31. Ng2 Nh5 32. Ne3 Rb2 33. Rf1 Nf4 34. Rg1 Kh7 35. Rg4 Qd8 36. Rxf4 exf4 37. Qxf4 Qb8 38. Ra6 Qc8 39. Ra7 Rb1+ 40. Kg2 Qe6 41. Nd5 Kg7 42. Re7 g5 43. Rxe6 gxf4 44. Rxd6 f5 45. Nxf4 fxe4 46. Ne6+ Kf7 47. Nxf8 exd3 48. Rxd3 Kxf8 49. Rd5 Rb3 50. Rxc5 Rc3 1-0

[Event "EU-ch U10 23rd"]
[Site "Budva"]
[Date "2013.10.07"]
[Round "8"]
[White "Ahmadzada, Ahmad Samir"]
[Black "Altunbay, Onder"]
[Result "1-0"]
[WhiteElo "1661"]
[BlackElo "1495"]
[PlyCount "46"]
[EventDate "2013.09.29"]
[EventType "swiss"]
[EventRounds "9"]
[EventCountry "MNE"]
[SourceTitle "EXT 2014"]
[Source "ChessBase"]
[SourceDate "2013.11.20"]
[SourceVersion "1"]
[SourceVersionDate "2013.11.20"]
[SourceQuality "1"]

1. e4 c5 2. Nf3 e6 3. d4 cxd4 4. Nxd4 Nc6 5. Be2 Nf6 6. Nc3 d6 7. 0-0 Be7 8. Be3 0-0 9. Qe1 Nxd4 10. Bxd4 e5 11. Be3 Be6 12. Rd1 Qb8 13. f4 Ng4 14. Bxg4 Bxg4 15. Nd5 Qd8 16. Rd2 f6 17. f5 Bh5 18. Qh4 Bf7 19. Qh3 Bxd5 20. Rxd5 Rf7 21. Rf3 Rc8 22. c3 Rc6 23. Qg3 b6 1-0

[Event "EU-ch U10 23rd"]
[Site "Budva"]
[Date "2013.09.29"]
[Round "1"]
[White "Altunbay, Onder"]
[Black "Trubchaninov, Artem"]
[Result "0-1"]
[WhiteElo "1495"]
[BlackElo "1852"]
[PlyCount "76"]
[EventDate "2013.09.29"]
[EventType "swiss"]
[EventRounds "9"]
[EventCountry "MNE"]
[SourceTitle "EXT 2014"]
[Source "ChessBase"]
[SourceDate "2013.11.20"]
[SourceVersion "1"]
[SourceVersionDate "2013.11.20"]
[SourceQuality "1"]

1. e4 Nf6 2. e5 Nd5 3. d4 d6 4. c4 Nb6 5. f4 dxe5 6. fxe5 Nc6 7. Be3 Bf5 8. a3 e6 9. Nf3 Be7 10. Be2 0-0 11. 0-0 f6 12. Qe1 fxe5 13. dxe5 Nd7 14. Qg3 Bc5 15. Bxc5 Nxc5 16. Nbd2 Nd4 17. Rf2 Nxf3+ 18. Bxf3 Qd4 19. Kh1 Qxb2 20. Rd1 Rad8 21. h3 Qxa3 22. Qh4 Nd3 23. Re2 Qa5 24. Ne4 Bxe4 25. Rxe4 Nf2+ 26. Qxf2 Rxd1+ 27. Kh2 Rd2 28. Qg3 Qc3 29. Rf4 Rxf4 30. Qxf4 Rd4 31. Qg5 Rd7 32. Bxb7 h6 33. Qh5 Rd8 34. Be4 Qe3 35. Bf3 Qg5 36. Qxg5 hxg5 37. Bg4 Kf7 38. Kg3 Rd4 0-1